[Event "NZL-ch Major op"]
[Site "Devonport"]
[Date "2016.01.03"]
[Round "2"]
[White "Bryan, Jason"]
[Black "Goh, Ethan"]
[Result "1/2-1/2"]
[WhiteElo "1833"]
[BlackElo "1668"]
[PlyCount "184"]
[EventDate "2016.01.02"]
[EventType "swiss"]
[EventRounds "9"]
[EventCountry "NZL"]
[SourceTitle "EXT 2018"]
[Source "ChessBase"]
[SourceDate "2017.10.13"]
[SourceVersion "1"]
[SourceVersionDate "2017.10.13"]
[SourceQuality "1"]

1. c4 c5 2. Nc3 Nc6 3. g3 g6 4. Bg2 Bg7 5. Nf3 d6 6. 0-0 e5 7. a3 Nge7 8. d3 0-0 9. e4 f5 10. Ne1 f4 11. g4 Nd4 12. f3 g5 13. Nc2 Nb3 14. Rb1 h5 15. h3 hxg4 16. fxg4 Kf7 17. Ne1 Nd4 18. b4 Ng6 19. Nf3 Nxf3+ 20. Bxf3 Rh8 21. Kg2 Nh4+ 22. Kf2 b6 23. Bd2 Qf6 24. Nd5 Qh6 25. Rh1 Ng6 26. Ke2 Ne7 27. Be1 Nc6 28. Bf2 Be6 29. Nc7 Rac8 30. Nd5 Bxd5 31. exd5 Nd4+ 32. Bxd4 exd4 33. Qa4 Rhe8+ 34. Be4 Rc7 35. Kf3 Qf6 36. Rbe1 Rce7 37. Re2 Qh6 38. Qd1 Qh4 39. Qe1 Qxe1 40. Rexe1 Bf6 41. bxc5 dxc5 42. a4 Rb8 43. Bf5 Re3+ 44. Rxe3 dxe3 45. h4 gxh4 46. Kxf4 e2 47. Ke3 a6 48. Kxe2 b5 49. Rb1 b4 50. Kf3 b3 51. Kf4 b2 52. g5 Bg7 53. d6 Rh8 54. Ke4 h3 55. Kd5 Bd4 56. Kc6 h2 57. Be4 Bg1 58. Bd5+ Kg6 59. d7 Bd4 60. Kb7 a5 61. Kb6 Kxg5 62. Kxa5 Rd8 63. Bc6 Bg1 64. Rxb2 Rxd7 65. Kb5 Rxd3 66. a5 Kg4 67. Ka4 Rf3 68. Bxf3+ Kxf3 69. Rxh2 Bxh2 70. a6 Bb8 71. Kb5 Ba7 72. Kc6 Ke3 73. Kb7 Kd4 74. Kxa7 Kxc4 75. Kb7 Kb3 76. a7 c4 77. a8Q c3 78. Ka6 c2 79. Qb7+ Ka2 80. Qc6 Kb2 81. Qb5+ Ka2 82. Qc4+ Kb2 83. Qd4+ Ka2 84. Qc3 Kb1 85. Qb3+ Ka1 86. Qa4+ Kb2 87. Qb5+ Ka2 88. Qd5+ Kb2 89. Qd4+ Kb1 90. Qd3 Kb2 91. Qd2 Kb1 92. Qb4+ Ka2 1/2-1/2

[Event "NZL-ch Major op"]
[Site "Devonport"]
[Date "2016.01.02"]
[Round "1"]
[White "Qin, Oscar Shu Xuan"]
[Black "Bryan, Jason"]
[Result "0-1"]
[WhiteElo "1435"]
[BlackElo "1833"]
[PlyCount "94"]
[EventDate "2016.01.02"]
[EventType "swiss"]
[EventRounds "9"]
[EventCountry "NZL"]
[SourceTitle "EXT 2018"]
[Source "ChessBase"]
[SourceDate "2017.10.13"]
[SourceVersion "1"]
[SourceVersionDate "2017.10.13"]
[SourceQuality "1"]

1. e4 e6 2. d4 d5 3. e5 c5 4. c3 Nc6 5. Nf3 Bd7 6. Be2 cxd4 7. Nxd4 Nxe5 8. Bf4 Ng6 9. Be3 e5 10. Nb3 Nf6 11. Bc5 Bxc5 12. Nxc5 Bc6 13. Nd2 Qe7 14. b4 0-0 15. 0-0 Rad8 16. h3 Nd7 17. Ncb3 b6 18. c4 Qxb4 19. cxd5 Bxd5 20. Rc1 Nf6 21. f3 Bxb3 22. axb3 Qxd2 23. Qxd2 Rxd2 24. Bc4 Nf4 25. Rf2 Rfd8 26. Bf1 g6 27. Rxd2 Rxd2 28. Rc7 Rd7 29. Rc6 Kg7 30. Kh1 N6h5 31. Kh2 f5 32. Bb5 Re7 33. Bc4 g5 34. g3 Ng6 35. Kg2 Nf6 36. Bd3 e4 37. Be2 exf3+ 38. Bxf3 Ne5 39. Rd6 Nxf3 40. Kxf3 Kf7 41. Rc6 h5 42. Rc8 Ke6 43. Rc6+ Ke5 44. Rc3 g4+ 45. hxg4 hxg4+ 46. Ke2 Kd4+ 47. Kd2 Ne4+ 0-1